Essential manager's manual / (Record no. 593023)

000 -LEADER
fixed length control field 01360cam a2200313 a 4500
001 - CONTROL NUMBER
control field 3086618
005 - DATE AND TIME OF LATEST TRANSACTION
control field 20230127115034.0
008 - FIXED-LENGTH DATA ELEMENTS--GENERAL INFORMATION
fixed length control field 980310s1998 nyua 001 0 eng
010 ## - LIBRARY OF CONGRESS CONTROL NUMBER
LC control number 98006507
020 ## - INTERNATIONAL STANDARD BOOK NUMBER
International Standard Book Number 0789435195
040 ## - CATALOGING SOURCE
Original cataloging agency DLC
Transcribing agency DLC
Modifying agency DLC
050 00 - LIBRARY OF CONGRESS CALL NUMBER
Classification number HD31
Item number .H444 1998
082 00 - DEWEY DECIMAL CLASSIFICATION NUMBER
Classification number 658,HEL
Edition number 21
100 1# - MAIN ENTRY--PERSONAL NAME
Personal name Heller, Robert,
Dates associated with a name 1932-2012.
9 (RLIN) 12545
245 10 - TITLE STATEMENT
Title Essential manager's manual /
Statement of responsibility, etc. Robert Heller & Tim Hindle.
246 30 - VARYING FORM OF TITLE
Title proper/short title Manager's manual
250 ## - EDITION STATEMENT
Edition statement 1st American ed.
260 ## - PUBLICATION, DISTRIBUTION, ETC.
Place of publication, distribution, etc. New York, N.Y. :
Name of publisher, distributor, etc. DK Pub.,
Date of publication, distribution, etc. 1998.
300 ## - PHYSICAL DESCRIPTION
Extent 864 p. :
Other physical details col. ill. ;
Dimensions 22 cm.
505 ## - FORMATTED CONTENTS NOTE
Formatted contents note Communication Clearly (Page-14), Managing Time (Page-82), Making Decisions (Page-150), Delegating Successfully (Page-218), Motivating People (Page-286), Managing Team (Page-354), Managing Meetings (Page-422), Presenting Successfully (Page-490), Negotiating successfully (Page-558), Interviewing people (Page-626), Managing Change (Page-694), Minimizing stress (Page-762).
650 #0 - SUBJECT ADDED ENTRY--TOPICAL TERM
Topical term or geographic name entry element Management.
650 #0 - SUBJECT ADDED ENTRY--TOPICAL TERM
Topical term or geographic name entry element Time management.
650 #0 - SUBJECT ADDED ENTRY--TOPICAL TERM
Topical term or geographic name entry element Decision making.
9 (RLIN) 1911
650 #0 - SUBJECT ADDED ENTRY--TOPICAL TERM
Topical term or geographic name entry element Communication in management.
700 1# - ADDED ENTRY--PERSONAL NAME
Personal name Hindle, Tim.
9 (RLIN) 12546
906 ## - LOCAL DATA ELEMENT F, LDF (RLIN)
a 7
b cbc
c orignew
d 1
e ocip
f 19
g y-gencatlg
942 ## - ADDED ENTRY ELEMENTS (KOHA)
Source of classification or shelving scheme
Koha item type Book
Call number prefix 658,HEL
Holdings
Withdrawn status Lost status Source of classification or shelving scheme Damaged status Not for loan Permanent Location Current Location Shelving location Date acquired Total Checkouts Full call number Barcode Date last seen Price effective from Koha item type Public note
          Military College of Signals (MCS) Military College of Signals (MCS) General Stacks 01/27/2023   658,HEL MCS37672 01/27/2023 01/27/2023 Book Almirah No. 55, Shelf No. 1
© 2023 Central Library, National University of Sciences and Technology. All Rights Reserved.